000 00724nas a2200241 4500
001 BR9213167
003 BR-BrBNA
005 20231205095232.0
007 ta
008 230509b bl.|||p| |||| 00| 00por d
040 _aBR-BrBNA
_bpor
_cBiblioteca Nacional de Agricultura
041 _a(Pt)
072 _aF70
100 1 _aCastro, A.A.J. de
100 1 _aBicudo, C.E. de M.
100 1 _aBicudo, D. de C.
245 1 _aCriptogamos do Parque Estadual das Fontes do Ipiranga, Sao Paulo. Algas, 2: Cryptophyceae
650 _aAlga
650 _aSao Paulo
773 0 _tHoehnea (Brazil)
_xISSN 0073-0912
_g(Jun 1991), v. 18(1) p. 87-106
_wBR9213167
909 _a202311
_bLúcia
_c55
_dLúcia Elande
942 _2AGRIS
_n0
_cANA
999 _c149509
_d149509